000
00312nam a2200109 a 4500
005
20140414132112.0
008
110704s19uu xx 00 eng d
050
_a
TR 500
_b
Sci1 2010
245
_a
My Pals are Here Science 3B Teacher's Guide.
260
_a
Singapore :
_b
Marshall Cavendish,
_c
2010.
999
_c
114785
_d
114785